| 000 | 00932am a2200313a 44500 | ||
|---|---|---|---|
| 003 | AR-BaBNM | ||
| 005 | 20251128210954.0 | ||
| 008 | 020423s1999 Esp|||||||||||000 | esp|| | ||
| 020 | _a84-277-1247-2 | ||
| 040 | _cAR-BaBNM | ||
| 100 | 1 | _aStainback, Susan | |
| 245 | 1 | 0 | _aAulas inclusivas |
| 260 |
_aMadrid _bNarcea _c1999 |
||
| 300 |
_a295 p. _btablas |
||
| 490 | 0 | _aEducación hoy. Estudios | |
| 500 | _aContiene índice de autores e índice temático | ||
| 504 | _aContiene referencias bibliográficas al final de cada capítulo | ||
| 650 | 4 | _aINTEGRACION ESCOLAR | |
| 650 | 4 | _aENSENANZA INDIVIDUALIZADA | |
| 650 | 4 | _aNECESIDADES INDIVIDUALES | |
| 650 | 4 | _aEDUCACION ESPECIAL | |
| 653 | _aEDUCACION EN LA DIVERSIDAD | ||
| 653 | _aNECESIDADES EDUCATIVAS ESPECIALES | ||
| 653 | _aADAPTACIONES CURRICULARES | ||
| 653 | _aPROYECTOS DE AULA | ||
| 700 | 1 | _aStainback, William | |
| 942 | _cBK | ||
| 998 | _craquel | ||
| 999 |
_c17700 _d17700 |
||